[Event "Pereira op"]
[Site "Pereira"]
[Date "2023.09.24"]
[Round "4"]
[White "Munera Garcia, Lina Marcela"]
[Black "Otalvaro Vasquez, Camilo Andres"]
[Result "0-1"]
[WhiteElo "1095"]
[BlackElo "1268"]
[PlyCount "70"]
[EventDate "2023.09.23"]
[EventType "swiss"]
[EventRounds "6"]
[EventCountry "COL"]
[SourceTitle "EXT 2024"]
[Source "ChessBase"]
[SourceDate "2023.10.10"]
[SourceVersion "1"]
[SourceVersionDate "2023.10.10"]
[SourceQuality "1"]

1. e4 e5 2. Nf3 Nc6 3. Bc4 Bc5 4. d3 Nf6 5. 0-0 d6 6. Nbd2 0-0 7. c3 Qe7 8. h3 Be6 9. Re1 a6 10. a4 Bb6 11. Bb3 Bxb3 12. Nxb3 Na5 13. Nxa5 Bxa5 14. b4 Bb6 15. Bb2 a5 16. b5 c6 17. bxc6 bxc6 18. d4 Nd7 19. Qb3 Rab8 20. Qc4 c5 21. Rad1 Rfe8 22. d5 Nf6 23. Qe2 Nh5 24. Bc1 h6 25. c4 Bc7 26. Nh2 Nf6 27. Ng4 Bd8 28. Nxf6+ Qxf6 29. Qg4 Re7 30. Rd3 Qg6 31. Qf3 Reb7 32. h4 Bxh4 33. Qh3 Qf6 34. Rf3 Qe7 35. Rg3 Bxg3 0-1